书目信息 |
| 题名: |
都铎王朝
|
|
| 作者: | 莫伯利 著 ;关长平 译 | |
| 分册: | ||
| 出版信息: | 北京 应急管理出版社 2022 |
|
| 页数: | 258页 | |
| 开本: | 23cm | |
| 丛书名: | ||
| 单 册: | ||
| 中图分类: | K561.33 | |
| 科图分类: | ||
| 主题词: | 都铎王朝--历史--1485-1547 | |
| 电子资源: | ||
| ISBN: | 978-7-5020-9041-8 | |
| 000 | 00961nam0 2200253 450 | |
| 001 | 2334157806 | |
| 005 | 20231205094212.56 | |
| 010 | @a978-7-5020-9041-8@b精装@dCNY75.00 | |
| 100 | @a20220602d2022 em y0chiy50 ea | |
| 101 | 1 | @achi@ceng |
| 102 | @aCN@b110000 | |
| 105 | @ay z 000yy | |
| 200 | 1 | @a都铎王朝@Adu duo wang chao@e1485-1547@f(英)查尔斯·爱德华·莫伯利著@g关长平译 |
| 210 | @a北京@c应急管理出版社@d2022 | |
| 215 | @a258页@d23cm | |
| 312 | @a封面英文题名:The early Tubor dynasty 1485-1547 | |
| 330 | @a本书介绍了都铎王朝前期的历史。全书分为15世纪的欧洲专制制度、亨利七世的早期统治、亨利七世执政中后期等共十六章,具体内容有西班牙的专制、母亲的力量等。 | |
| 510 | 1 | @aEarly Tubor dynasty@e1485-1547@zeng |
| 606 | 0 | @a都铎王朝@x历史@z1485-1547 |
| 690 | @aK561.33@v5 | |
| 701 | 0 | @c(英)@a莫伯利@Amo bo li@c(Moberly, Charles Edward)@4著 |
| 702 | 0 | @a关长平@Aguan chang ping@4译 |
| 801 | 0 | @aCN@b91MARC@c20220712 |
| 905 | @aZUCC@dK561.33@e4 | |
| 都铎王朝:1485-1547/(英)查尔斯·爱德华·莫伯利著/关长平译.-北京:应急管理出版社,2022 |
| 258页;23cm |
| ISBN 978-7-5020-9041-8(精装):CNY75.00 |
| 本书介绍了都铎王朝前期的历史。全书分为15世纪的欧洲专制制度、亨利七世的早期统治、亨利七世执政中后期等共十六章,具体内容有西班牙的专制、母亲的力量等。 |
| ● |
| 相关链接 |
|
|
|
正题名:都铎王朝
索取号:K561.33/4
 
预约/预借
| 序号 | 登录号 | 条形码 | 馆藏地/架位号 | 状态 | 备注 |
| 1 | 2001264541 | 2001264541 | 辽宁北方(第一批)/辽宁北方(第一批)/266/ [索取号:K561.33/4] | 在馆 | |
| 2 | 2001264542 | 2001264542 | 辽宁北方(第一批)/辽宁北方(第一批)/266/ [索取号:K561.33/4] | 在馆 | |
| 3 | 2001264543 | 2001264543 | 辽宁北方(第一批)/辽宁北方(第一批)/266/ [索取号:K561.33/4] | 在馆 | |
| 4 | 2001264544 | 2001264544 | 辽宁北方(第一批)/辽宁北方(第一批)/266/ [索取号:K561.33/4] | 在馆 | |
| 5 | 2001264545 | 2001264545 | 辽宁北方(第一批)/辽宁北方(第一批)/266/ [索取号:K561.33/4] | 在馆 | |
| 6 | 2001264546 | 2001264546 | 辽宁北方(第一批)/辽宁北方(第一批)/266/ [索取号:K561.33/4] | 在馆 |